Getting together / (Record no. 105210)
[ view plain ]
| 000 -LEADER | |
|---|---|
| fixed length control field | 00711nam a2200181 a 4500 |
| 005 - DATE AND TIME OF LATEST TRANSACTION | |
| control field | 20140412111347.0 |
| 008 - FIXED-LENGTH DATA ELEMENTS--GENERAL INFORMATION | |
| fixed length control field | 050418s19uu xx 00 eng d |
| 020 ## - INTERNATIONAL STANDARD BOOK NUMBER | |
| International Standard Book Number | 0-02-178990-8 |
| 050 ## - LIBRARY OF CONGRESS CALL NUMBER | |
| Classification number | BB |
| Item number | Ge26 1993 |
| 100 ## - MAIN ENTRY--PERSONAL NAME | |
| Personal name | Ancona, George |
| 245 ## - TITLE STATEMENT | |
| Title | Getting together / |
| Statement of responsibility, etc | written and photographed by George Ancona. |
| 260 ## - PUBLICATION, DISTRIBUTION, ETC. (IMPRINT) | |
| Place of publication, distribution, etc | New York : |
| Name of publisher, distributor, etc | Macmillan/McGraw-Hill School Pub., Comp, |
| Date of publication, distribution, etc | 1993. |
| 300 ## - PHYSICAL DESCRIPTION | |
| Extent | 31 p. ; ill. |
| 520 ## - SUMMARY, ETC. | |
| Summary, etc | The people you see are real students and their teachers. Some of the children go to Turquoise Trail Scholl in Santa Fe, New Mexico. Others go to the Carroll Elementary School in Bernallio, New Mexico. |
| 650 ## - SUBJECT ADDED ENTRY--TOPICAL TERM | |
| Topical term or geographic name as entry element | School activities |
| Withdrawn status | Lost status | Damaged status | Home library | Current library | Shelving location | Date acquired | Source of acquisition | Total Checkouts | Full call number | Barcode | Date last seen | Price effective from | Koha item type |
|---|---|---|---|---|---|---|---|---|---|---|---|---|---|
| Elizalde Library | Elizalde Library | Big Books Section | 04/18/2005 | BB Ge26 1993 | E9623 | 04/12/2014 | 04/12/2014 | Books | |||||
| Elizalde Library | Elizalde Library | Big Books Section | 04/18/2005 | BB Ge26 1993 | E8698 | 04/12/2014 | 04/12/2014 | Books |